| 000 | 00446nam a2200169 i 4500 | ||
|---|---|---|---|
| 001 | 128372 | ||
| 003 | ES-MaACL | ||
| 005 | 20230906193243.0 | ||
| 007 | t| | ||
| 008 | 070509q1946 sp ||||1| spa d | ||
| 080 | _a860(82)-14"19" | ||
| 100 | 1 |
_aTalero, Eduardo. _9109123 |
|
| 245 | 1 | 0 |
_aAire de fuego / _cEduardo Talero. |
| 260 |
_aBuenos Aires : _b[s.n., _cs.a.] ( _fImp. López) |
||
| 300 |
_a163 p. ; _c19 cm. |
||
| 852 |
_aES-MaACL _jD-829 |
||
| 999 |
_c128372 _d128372 |
||